[Event "ODJM A 2024"]
[Site "Willingen GER"]
[Date "2024.05.23"]
[Round "7"]
[White "Mörke, Niklas"]
[Black "Heimann, Alexander"]
[Result "1/2-1/2"]
[Termination "normal"]
[Board "28"]
[WhiteElo "1879"]
[BlackElo "1927"]
[WhiteClock "00:14:39"]
[BlackClock "00:06:17"]
[PlyCount "73"]
[WhiteFideId "12982350"]
[BlackFideId "16215346"]
[EventCountry "GER"]
[EventRounds "9"]
[EventType "swiss"]
[EventDate "2024.05.18"]

1. d4 {[%clk 01:30:57]} {[%emt 00:00:02]} Nf6 {[%clk 01:30:47]} {[%emt
00:00:25]} 2. c4 {[%clk 01:31:22]} {[%emt 00:00:12]} e6 {[%clk 01:31:08]}
{[%emt 00:00:07]} 3. Nc3 {[%clk 01:31:46]} {[%emt 00:00:04]} d5 {[%clk
01:31:29]} {[%emt 00:00:11]} 4. Nf3 {[%clk 01:31:11]} {[%emt 00:00:47]} a6
{[%clk 01:31:45]} {[%emt 00:00:14]} 5. Qc2 {[%clk 01:27:47]} {[%emt 00:03:54]}
c5 {[%clk 01:28:52]} {[%emt 00:03:23]} 6. cxd5 {[%clk 01:24:07]} {[%emt
00:04:10]} Nxd5 {[%clk 01:26:02]} {[%emt 00:03:20]} 7. e4 {[%clk 01:23:01]}
{[%emt 00:01:36]} Nb4 {[%clk 01:21:32]} {[%emt 00:04:59]} 8. Qa4+ {[%clk
01:16:12]} {[%emt 00:07:20]} Bd7 {[%clk 01:18:26]} {[%emt 00:03:36]} 9. Qd1
{[%clk 01:16:05]} {[%emt 00:00:38]} cxd4 {[%clk 01:09:26]} {[%emt 00:09:30]}
10. Nxd4 {[%clk 01:15:41]} {[%emt 00:00:54]} Bc5 {[%clk 01:03:13]} {[%emt
00:06:43]} 11. Nc2 {[%clk 01:10:46]} {[%emt 00:05:25]} Nxc2+ {[%clk 00:55:11]}
{[%emt 00:08:33]} 12. Qxc2 {[%clk 01:11:08]} {[%emt 00:00:08]} Nc6 {[%clk
00:54:12]} {[%emt 00:01:29]} 13. Nd1 {[%clk 01:05:13]} {[%emt 00:06:24]} Bb4+
{[%clk 00:45:01]} {[%emt 00:09:41]} 14. Bd2 {[%clk 01:04:11]} {[%emt 00:01:32]}
Rc8 {[%clk 00:42:23]} {[%emt 00:03:07]} 15. Nc3 {[%clk 00:51:09]} {[%emt
00:13:32]} O-O {[%clk 00:34:16]} {[%emt 00:08:37]} 16. Be2 {[%clk 00:49:36]}
{[%emt 00:02:03]} Nd4 {[%clk 00:30:11]} {[%emt 00:04:35]} 17. Qd1 {[%clk
00:48:47]} {[%emt 00:01:19]} Nxe2 {[%clk 00:28:24]} {[%emt 00:02:17]} 18. Qxe2
{[%clk 00:46:10]} {[%emt 00:03:06]} Qh4 {[%clk 00:25:52]} {[%emt 00:03:03]} 19.
g3 {[%clk 00:40:33]} {[%emt 00:06:08]} Qh3 {[%clk 00:24:54]} {[%emt 00:01:28]}
20. a3 {[%clk 00:38:10]} {[%emt 00:02:54]} Bxc3 {[%clk 00:23:37]} {[%emt
00:01:46]} 21. Bxc3 {[%clk 00:37:51]} {[%emt 00:00:49]} Qg2 {[%clk 00:22:34]}
{[%emt 00:01:32]} 22. O-O-O {[%clk 00:37:07]} {[%emt 00:01:15]} Bb5 {[%clk
00:18:28]} {[%emt 00:04:35]} 23. Qe3 {[%clk 00:34:25]} {[%emt 00:03:12]} Rc4
{[%clk 00:17:03]} {[%emt 00:01:56]} 24. Rde1 {[%clk 00:31:23]} {[%emt
00:03:32]} Rfc8 {[%clk 00:11:49]} {[%emt 00:05:43]} 25. Kb1 {[%clk 00:29:25]}
{[%emt 00:02:28]} Bc6 {[%clk 00:10:42]} {[%emt 00:01:38]} 26. f3 {[%clk
00:27:25]} {[%emt 00:02:29]} Ba4 {[%clk 00:10:14]} {[%emt 00:00:58]} 27. Qe2
{[%clk 00:22:08]} {[%emt 00:05:48]} Qxe2 {[%clk 00:10:04]} {[%emt 00:00:40]}
28. Rxe2 {[%clk 00:22:27]} {[%emt 00:00:11]} Rd8 {[%clk 00:09:42]} {[%emt
00:00:53]} 29. Rd2 {[%clk 00:21:33]} {[%emt 00:01:23]} Rxd2 {[%clk 00:08:05]}
{[%emt 00:02:06]} 30. Bxd2 {[%clk 00:19:55]} {[%emt 00:02:08]} Rd4 {[%clk
00:07:35]} {[%emt 00:01:00]} 31. Rc1 {[%clk 00:18:09]} {[%emt 00:02:17]} Bc6
{[%clk 00:06:59]} {[%emt 00:01:05]} 32. Be3 {[%clk 00:17:20]} {[%emt 00:01:19]}
Rd3 {[%clk 00:06:32]} {[%emt 00:00:57]} 33. Rc3 {[%clk 00:17:16]} {[%emt
00:00:34]} Rd1+ {[%clk 00:06:38]} {[%emt 00:00:24]} 34. Ka2 {[%clk 00:17:06]}
{[%emt 00:00:39]} f6 {[%clk 00:05:43]} {[%emt 00:01:26]} 35. Rc1 {[%clk
00:13:59]} {[%emt 00:03:38]} Rd3 {[%clk 00:05:54]} {[%emt 00:00:18]} 36. Rc3
{[%clk 00:14:21]} {[%emt 00:00:08]} Rd1 {[%clk 00:06:17]} {[%emt 00:00:07]} 37.
Rc1 {[%clk 00:14:39]} {[%emt 00:00:12]} 1/2-1/2

[Event "ODJM A 2024"]
[Site "Willingen GER"]
[Date "2024.05.23"]
[Round "7"]
[White "Matthes, Benjamin"]
[Black "Schmidt, Boris"]
[Result "1-0"]
[Termination "normal"]
[Board "29"]
[WhiteElo "1963"]
[BlackElo "1918"]
[WhiteClock "00:03:09"]
[BlackClock "00:39:02"]
[PlyCount "87"]
[WhiteFideId "16227298"]
[BlackFideId "16238036"]
[EventCountry "GER"]
[EventRounds "9"]
[EventType "swiss"]
[EventDate "2024.05.18"]

1. e4 {[%clk 01:30:55]} {[%emt 00:00:05]} c5 {[%clk 01:30:56]} {[%emt
00:00:10]} 2. a3 {[%clk 01:30:15]} {[%emt 00:01:13]} g6 {[%clk 01:29:53]}
{[%emt 00:01:22]} 3. h4 {[%clk 01:30:41]} {[%emt 00:00:04]} Nc6 {[%clk
01:28:48]} {[%emt 00:01:35]} 4. h5 {[%clk 01:31:00]} {[%emt 00:00:12]} Bg7
{[%clk 01:27:59]} {[%emt 00:01:17]} 5. Nc3 {[%clk 01:26:17]} {[%emt 00:05:13]}
e6 {[%clk 01:16:59]} {[%emt 00:11:30]} 6. Bb5 {[%clk 01:23:06]} {[%emt
00:03:41]} Nd4 {[%clk 01:13:40]} {[%emt 00:03:50]} 7. Nf3 {[%clk 01:20:21]}
{[%emt 00:03:14]} Nxb5 {[%clk 01:05:07]} {[%emt 00:09:03]} 8. Nxb5 {[%clk
01:20:19]} {[%emt 00:00:32]} d5 {[%clk 01:03:55]} {[%emt 00:01:42]} 9. e5
{[%clk 01:12:14]} {[%emt 00:08:35]} Bf8 {[%clk 00:58:36]} {[%emt 00:05:49]} 10.
hxg6 {[%clk 01:10:40]} {[%emt 00:02:03]} fxg6 {[%clk 00:59:00]} {[%emt
00:00:07]} 11. d4 {[%clk 01:09:46]} {[%emt 00:01:24]} Qa5+ {[%clk 00:52:27]}
{[%emt 00:07:03]} 12. Nc3 {[%clk 01:09:47]} {[%emt 00:00:29]} Bd7 {[%clk
00:50:54]} {[%emt 00:02:03]} 13. Bg5 {[%clk 00:58:25]} {[%emt 00:11:52]} Be7
{[%clk 00:51:18]} {[%emt 00:00:06]} 14. dxc5 {[%clk 00:48:39]} {[%emt
00:10:17]} Qxc5 {[%clk 00:51:22]} {[%emt 00:00:26]} 15. Qd3 {[%clk 00:49:03]}
{[%emt 00:00:06]} Bxg5 {[%clk 00:49:39]} {[%emt 00:02:12]} 16. Nxg5 {[%clk
00:44:55]} {[%emt 00:04:38]} d4 {[%clk 00:49:29]} {[%emt 00:00:40]} 17. O-O-O
{[%clk 00:29:11]} {[%emt 00:16:14]} Qxe5 {[%clk 00:49:52]} {[%emt 00:00:08]}
18. Qxd4 {[%clk 00:28:58]} {[%emt 00:00:43]} Qxd4 {[%clk 00:45:47]} {[%emt
00:04:35]} 19. Rxd4 {[%clk 00:29:07]} {[%emt 00:00:21]} Nf6 {[%clk 00:46:07]}
{[%emt 00:00:09]} 20. Nce4 {[%clk 00:21:45]} {[%emt 00:07:52]} Nxe4 {[%clk
00:46:05]} {[%emt 00:00:33]} 21. Rxe4 {[%clk 00:21:16]} {[%emt 00:00:59]} O-O-O
{[%clk 00:33:02]} {[%emt 00:13:33]} 22. Nf7 {[%clk 00:16:58]} {[%emt 00:04:48]}
Bc6 {[%clk 00:33:25]} {[%emt 00:00:07]} 23. Rc4 {[%clk 00:15:12]} {[%emt
00:02:17]} Rdf8 {[%clk 00:33:31]} {[%emt 00:00:23]} 24. Nxh8 {[%clk 00:12:56]}
{[%emt 00:02:46]} Rxh8 {[%clk 00:34:00]} 25. Rg4 {[%clk 00:08:53]} {[%emt
00:04:33]} e5 {[%clk 00:33:26]} {[%emt 00:01:04]} 26. Rxg6 {[%clk 00:07:40]}
{[%emt 00:01:43]} hxg6 {[%clk 00:33:21]} {[%emt 00:00:36]} 27. Rxh8+ {[%clk
00:08:01]} {[%emt 00:00:08]} Kd7 {[%clk 00:33:48]} {[%emt 00:00:03]} 28. Rg8
{[%clk 00:08:00]} {[%emt 00:00:31]} Bxg2 {[%clk 00:34:12]} {[%emt 00:00:07]}
29. Rxg6 {[%clk 00:08:24]} {[%emt 00:00:05]} Bd5 {[%clk 00:34:26]} {[%emt
00:00:15]} 30. Kd2 {[%clk 00:07:43]} {[%emt 00:01:12]} a5 {[%clk 00:34:50]}
{[%emt 00:00:07]} 31. Rb6 {[%clk 00:04:18]} {[%emt 00:03:54]} Bc6 {[%clk
00:34:59]} {[%emt 00:00:21]} 32. Ke3 {[%clk 00:04:01]} {[%emt 00:00:48]} Kd6
{[%clk 00:35:17]} {[%emt 00:00:11]} 33. Rxc6+ {[%clk 00:00:50]} {[%emt
00:03:41]} bxc6 {[%clk 00:35:43]} {[%emt 00:00:04]} 34. b4 {[%clk 00:01:15]}
{[%emt 00:00:05]} axb4 {[%clk 00:36:04]} {[%emt 00:00:08]} 35. axb4 {[%clk
00:01:41]} {[%emt 00:00:04]} Kd5 {[%clk 00:36:30]} {[%emt 00:00:05]} 36. f3
{[%clk 00:01:43]} {[%emt 00:00:28]} Kc4 {[%clk 00:36:01]} {[%emt 00:00:59]} 37.
Ke4 {[%clk 00:01:56]} {[%emt 00:00:17]} Kxb4 {[%clk 00:36:28]} {[%emt
00:00:03]} 38. Kxe5 {[%clk 00:02:20]} {[%emt 00:00:05]} c5 {[%clk 00:36:56]}
{[%emt 00:00:02]} 39. f4 {[%clk 00:02:24]} {[%emt 00:00:26]} c4 {[%clk
00:37:22]} {[%emt 00:00:04]} 40. f5 {[%clk 00:02:48]} {[%emt 00:00:06]} Kc3
{[%clk 00:37:48]} {[%emt 00:00:03]} 41. f6 {[%clk 00:03:11]} {[%emt 00:00:09]}
Kxc2 {[%clk 00:38:15]} {[%emt 00:00:03]} 42. f7 {[%clk 00:03:37]} {[%emt
00:00:04]} Kb2 {[%clk 00:38:34]} {[%emt 00:00:11]} 43. f8=Q {[%clk 00:03:56]}
{[%emt 00:00:09]} c3 {[%clk 00:39:02]} {[%emt 00:00:03]} 44. Qb4+ {[%clk
00:03:09]} {[%emt 00:01:17]} 1-0

[Event "ODJM A 2024"]
[Site "Willingen GER"]
[Date "2024.05.23"]
[Round "7"]
[White "Wendt, Felix"]
[Black "Dietlmeier, Tobias"]
[Result "1/2-1/2"]
[Termination "normal"]
[Board "30"]
[WhiteElo "1766"]
[BlackElo "1936"]
[WhiteClock "00:15:22"]
[BlackClock "00:01:03"]
[PlyCount "81"]
[WhiteFideId "34663592"]
[BlackFideId "16213963"]
[EventCountry "GER"]
[EventRounds "9"]
[EventType "swiss"]
[EventDate "2024.05.18"]

1. e4 {[%clk 01:30:58]} {[%emt 00:00:02]} e5 {[%clk 01:30:38]} {[%emt
00:00:42]} 2. Nf3 {[%clk 01:31:23]} {[%emt 00:00:04]} Nc6 {[%clk 01:30:58]}
{[%emt 00:00:05]} 3. Bb5 {[%clk 01:31:49]} {[%emt 00:00:08]} a6 {[%clk
01:31:11]} {[%emt 00:00:13]} 4. Ba4 {[%clk 01:32:13]} {[%emt 00:00:09]} Bc5
{[%clk 01:28:31]} {[%emt 00:02:52]} 5. d3 {[%clk 01:31:11]} {[%emt 00:01:32]}
Nge7 {[%clk 01:27:41]} {[%emt 00:01:20]} 6. O-O {[%clk 01:30:40]} {[%emt
00:01:00]} O-O {[%clk 01:27:03]} {[%emt 00:01:09]} 7. c3 {[%clk 01:30:52]}
{[%emt 00:00:18]} Ng6 {[%clk 01:25:54]} {[%emt 00:01:39]} 8. Re1 {[%clk
01:27:09]} {[%emt 00:04:14]} b5 {[%clk 01:24:34]} {[%emt 00:01:49]} 9. Bc2
{[%clk 01:27:25]} {[%emt 00:00:13]} d6 {[%clk 01:23:06]} {[%emt 00:01:58]} 10.
h3 {[%clk 01:24:44]} {[%emt 00:03:11]} Nce7 {[%clk 01:15:20]} {[%emt 00:08:17]}
11. Nbd2 {[%clk 01:23:38]} {[%emt 00:01:36]} Kh8 {[%clk 01:10:33]} {[%emt
00:05:17]} 12. d4 {[%clk 01:21:58]} {[%emt 00:02:09]} Ba7 {[%clk 01:10:11]}
{[%emt 00:00:53]} 13. Nf1 {[%clk 01:20:07]} {[%emt 00:02:22]} Bd7 {[%clk
00:51:54]} {[%emt 00:18:47]} 14. Ng3 {[%clk 01:18:24]} {[%emt 00:02:12]} Qc8
{[%clk 00:50:46]} {[%emt 00:01:38]} 15. Be3 {[%clk 01:09:35]} {[%emt 00:09:19]}
c5 {[%clk 00:43:52]} {[%emt 00:07:24]} 16. dxe5 {[%clk 00:59:37]} {[%emt
00:10:27]} dxe5 {[%clk 00:44:12]} {[%emt 00:00:10]} 17. Re2 {[%clk 00:48:03]}
{[%emt 00:12:04]} c4 {[%clk 00:32:55]} {[%emt 00:11:47]} 18. Bxa7 {[%clk
00:46:13]} {[%emt 00:02:19]} Rxa7 {[%clk 00:33:17]} {[%emt 00:00:09]} 19. Rd2
{[%clk 00:46:25]} {[%emt 00:00:18]} f6 {[%clk 00:32:13]} {[%emt 00:01:35]} 20.
Qe2 {[%clk 00:38:55]} {[%emt 00:08:00]} Nf4 {[%clk 00:27:34]} {[%emt 00:05:08]}
21. Qe3 {[%clk 00:37:34]} {[%emt 00:01:51]} Rb7 {[%clk 00:27:50]} {[%emt
00:00:15]} 22. Rad1 {[%clk 00:37:29]} {[%emt 00:00:34]} h5 {[%clk 00:20:40]}
{[%emt 00:07:40]} 23. Ne2 {[%clk 00:24:36]} {[%emt 00:13:22]} g5 {[%clk
00:19:46]} {[%emt 00:01:25]} 24. Nxf4 {[%clk 00:22:44]} {[%emt 00:02:22]} gxf4
{[%clk 00:20:03]} {[%emt 00:00:13]} 25. Qe2 {[%clk 00:23:06]} {[%emt 00:00:07]}
Qe8 {[%clk 00:12:37]} {[%emt 00:07:57]} 26. Nh4 {[%clk 00:22:21]} {[%emt
00:01:14]} Kh7 {[%clk 00:04:34]} {[%emt 00:08:33]} 27. Nf5 {[%clk 00:21:26]}
{[%emt 00:01:26]} Nxf5 {[%clk 00:02:18]} {[%emt 00:02:46]} 28. exf5 {[%clk
00:21:45]} {[%emt 00:00:11]} Rg8 {[%clk 00:02:19]} {[%emt 00:00:29]} 29. Be4
{[%clk 00:20:59]} {[%emt 00:01:15]} Rc7 {[%clk 00:02:29]} {[%emt 00:00:21]} 30.
Rxd7+ {[%clk 00:18:48]} {[%emt 00:02:41]} Rxd7 {[%clk 00:02:52]} {[%emt
00:00:07]} 31. Rxd7+ {[%clk 00:19:12]} {[%emt 00:00:06]} Qxd7 {[%clk 00:03:16]}
{[%emt 00:00:06]} 32. Qxh5+ {[%clk 00:19:38]} {[%emt 00:00:04]} Kg7 {[%clk
00:03:33]} {[%emt 00:00:13]} 33. Qg6+ {[%clk 00:19:55]} {[%emt 00:00:13]} Kh8
{[%clk 00:03:15]} {[%emt 00:00:48]} 34. Qxf6+ {[%clk 00:20:07]} {[%emt
00:00:17]} Qg7 {[%clk 00:02:19]} {[%emt 00:01:26]} 35. Qh4+ {[%clk 00:18:51]}
{[%emt 00:01:45]} Qh7 {[%clk 00:02:45]} {[%emt 00:00:05]} 36. Qxh7+ {[%clk
00:16:37]} {[%emt 00:02:44]} Kxh7 {[%clk 00:03:11]} {[%emt 00:00:05]} 37. f6+
{[%clk 00:16:42]} {[%emt 00:00:25]} Kh6 {[%clk 00:03:35]} {[%emt 00:00:06]} 38.
f7 {[%clk 00:17:09]} {[%emt 00:00:03]} Rd8 {[%clk 00:03:45]} {[%emt 00:00:20]}
39. Bb7 {[%clk 00:15:18]} {[%emt 00:02:20]} Kg7 {[%clk 00:01:59]} {[%emt
00:02:17]} 40. Bxa6 {[%clk 00:15:39]} {[%emt 00:00:10]} Rd5 {[%clk 00:01:03]}
{[%emt 00:01:25]} 41. a4 {[%clk 00:15:22]} {[%emt 00:00:47]} 1/2-1/2

[Event "ODJM A 2024"]
[Site "Willingen GER"]
[Date "2024.05.23"]
[Round "7"]
[White "Limberg, Thomas"]
[Black "Kieselbach, Marvin"]
[Result "1/2-1/2"]
[Termination "normal"]
[Board "31"]
[WhiteElo "1783"]
[BlackElo "1887"]
[WhiteClock "00:11:58"]
[BlackClock "00:22:45"]
[PlyCount "72"]
[WhiteFideId "16226755"]
[BlackFideId "16235770"]
[EventCountry "GER"]
[EventRounds "9"]
[EventType "swiss"]
[EventDate "2024.05.18"]

1. d4 {[%clk 01:30:57]} {[%emt 00:00:04]} Nf6 {[%clk 01:30:53]} {[%emt
00:00:15]} 2. c4 {[%clk 01:31:22]} {[%emt 00:00:12]} e6 {[%clk 01:31:17]}
{[%emt 00:00:12]} 3. Nf3 {[%clk 01:31:33]} {[%emt 00:00:12]} d5 {[%clk
01:31:11]} {[%emt 00:00:35]} 4. g3 {[%clk 01:31:15]} {[%emt 00:00:35]} Bb4+
{[%clk 01:31:31]} {[%emt 00:00:10]} 5. Bd2 {[%clk 01:31:23]} {[%emt 00:00:22]}
a5 {[%clk 01:31:46]} {[%emt 00:00:15]} 6. Bg2 {[%clk 01:31:05]} {[%emt
00:00:48]} O-O {[%clk 01:32:03]} {[%emt 00:00:13]} 7. O-O {[%clk 01:31:27]}
{[%emt 00:00:08]} b6 {[%clk 01:28:30]} {[%emt 00:04:03]} 8. cxd5 {[%clk
01:27:28]} {[%emt 00:04:29]} Nxd5 {[%clk 01:27:18]} {[%emt 00:01:42]} 9. Nc3
{[%clk 01:22:03]} {[%emt 00:05:55]} Bb7 {[%clk 01:26:16]} {[%emt 00:01:32]} 10.
Re1 {[%clk 01:20:42]} {[%emt 00:01:51]} Qe7 {[%clk 01:20:01]} {[%emt 00:06:45]}
11. a3 {[%clk 01:18:04]} {[%emt 00:03:08]} Nxc3 {[%clk 01:19:19]} {[%emt
00:01:11]} 12. Bxc3 {[%clk 01:18:18]} {[%emt 00:00:17]} Bxc3 {[%clk 01:19:21]}
{[%emt 00:00:28]} 13. bxc3 {[%clk 01:18:41]} {[%emt 00:00:06]} Nd7 {[%clk
01:14:09]} {[%emt 00:05:42]} 14. e4 {[%clk 01:15:30]} {[%emt 00:03:41]} Rfd8
{[%clk 01:11:28]} {[%emt 00:03:11]} 15. Qa4 {[%clk 01:07:40]} {[%emt 00:08:21]}
Nf6 {[%clk 00:53:01]} {[%emt 00:18:56]} 16. Ne5 {[%clk 01:03:11]} {[%emt
00:04:59]} Nd7 {[%clk 00:44:56]} {[%emt 00:08:36]} 17. Nc6 {[%clk 01:02:29]}
{[%emt 00:01:13]} Bxc6 {[%clk 00:45:24]} {[%emt 00:00:02]} 18. Qxc6 {[%clk
01:02:49]} {[%emt 00:00:09]} Ra7 {[%clk 00:44:01]} {[%emt 00:01:54]} 19. f4
{[%clk 00:52:26]} {[%emt 00:10:53]} Qd6 {[%clk 00:43:33]} {[%emt 00:00:57]} 20.
Qa4 {[%clk 00:49:09]} {[%emt 00:03:47]} Nb8 {[%clk 00:36:04]} {[%emt 00:07:59]}
21. Rad1 {[%clk 00:43:12]} {[%emt 00:06:27]} Qc6 {[%clk 00:36:11]} {[%emt
00:00:24]} 22. Qxc6 {[%clk 00:42:51]} {[%emt 00:00:51]} Nxc6 {[%clk 00:36:39]}
{[%emt 00:00:01]} 23. d5 {[%clk 00:43:08]} {[%emt 00:00:14]} exd5 {[%clk
00:36:05]} {[%emt 00:01:04]} 24. exd5 {[%clk 00:43:11]} {[%emt 00:00:27]} Nb8
{[%clk 00:36:21]} {[%emt 00:00:14]} 25. Re7 {[%clk 00:41:06]} {[%emt 00:02:36]}
Nc6 {[%clk 00:35:12]} {[%emt 00:01:38]} 26. Ree1 {[%clk 00:36:49]} {[%emt
00:04:47]} Nb8 {[%clk 00:35:35]} {[%emt 00:00:07]} 27. c4 {[%clk 00:31:34]}
{[%emt 00:05:45]} Kf8 {[%clk 00:35:31]} {[%emt 00:00:33]} 28. Bh3 {[%clk
00:24:23]} {[%emt 00:07:41]} Na6 {[%clk 00:28:22]} {[%emt 00:07:38]} 29. Re3
{[%clk 00:22:25]} {[%emt 00:02:28]} Nc5 {[%clk 00:27:55]} {[%emt 00:00:56]} 30.
Rde1 {[%clk 00:22:00]} {[%emt 00:00:55]} Raa8 {[%clk 00:27:51]} {[%emt
00:00:34]} 31. Kf2 {[%clk 00:17:36]} {[%emt 00:04:56]} Re8 {[%clk 00:27:47]}
{[%emt 00:00:32]} 32. Rxe8+ {[%clk 00:16:28]} {[%emt 00:01:39]} Rxe8 {[%clk
00:28:07]} {[%emt 00:00:10]} 33. Rxe8+ {[%clk 00:16:09]} {[%emt 00:00:50]} Kxe8
{[%clk 00:28:35]} {[%emt 00:00:01]} 34. Ke3 {[%clk 00:16:16]} {[%emt 00:00:23]}
Ke7 {[%clk 00:28:39]} {[%emt 00:00:25]} 35. Kd4 {[%clk 00:14:26]} {[%emt
00:02:21]} Kd6 {[%clk 00:25:38]} {[%emt 00:03:31]} 36. Bf5 {[%clk 00:11:58]}
{[%emt 00:02:58]} h6 {[%clk 00:22:45]} {[%emt 00:03:23]} 1/2-1/2